La escuela: entre la utopía y la realidad: dies temas de sociología de la educación

שמור ב:
מידע ביבליוגרפי
מחבר ראשי: Carbonell i Sebarroja, Jaume (Author)
פורמט: ספר
שפה:ספרדית
יצא לאור: Barcelona Eumo 1996
סדרה:Recursos, 15
נושאים:
תגים: הוספת תג
אין תגיות, היה/י הראשונ/ה לתייג את הרשומה!

MARC

LEADER 00000nam a2200000 a 4500
001 UCS1542
003 CL-VaPUC
008 970512e19960000SP |||||||||||||||||spa|d
020 |a 8480632208 
082 0 4 |a 370.19  |b CAR  |2 21 
100 0 |a Carbonell i Sebarroja, Jaume  |e author  |9 386038 
245 1 3 |a La escuela: entre la utopía y la realidad: dies temas de sociología de la educación 
300 |a 248 p 
942 |c BK 
945 |d 19970512 00:00:00  |a rleighto 
260 |a Barcelona  |b Eumo  |c 1996 
650 7 |a EDUCACION Y SOCIEDAD  |2 CL-VaPUC  |9 356048 
650 0 |a Escuelas  |9 308582 
650 0 |a Educación moral  |9 308319 
650 7 |a FRACASO ESCOLAR  |2 CL-VaPUC  |9 308828 
650 7 |a REFORMAS EDUCACIONALES  |2 CL-VaPUC  |9 379992 
650 0 |a Docentes  |9 311365 
650 0 |a Sociología de la educación   |9 260380 
583 |a last modification  |c 19970512 00:00:00  |k Rodrigo Vera 
490 0 |a Recursos, 15 
999 |c 259581  |d 259579 
952 |0 0  |1 0  |4 0  |6 370_190000000000000_CAR_1996  |7 0  |8 A  |9 284496  |a BIBEDU  |b BIBEDU  |d 2019-11-19  |i 3302334  |o 370.19 CAR 1996  |p 3302334  |r 2019-11-19  |w 2019-11-19  |y BK  |k EDU 
952 |0 0  |1 0  |4 0  |6 370_190000000000000_CAR_1996  |7 0  |8 A  |9 284497  |a BIBEDU  |b BIBEDU  |d 2019-11-19  |i 408750K  |o 370.19 CAR 1996  |p 408750K  |r 2019-11-19  |w 2019-11-19  |y BK  |k EBA